| 000 | 00359cam a2200121 4500 | ||
|---|---|---|---|
| 008 | 161212n 000 0 eng u | ||
| 020 | _a9787227039297 | ||
| 035 | _a(Sirsi) a199356 | ||
| 050 | _aN 7342 INT 2008 | ||
| 245 | _aInternational paper-cut fine works | ||
| 260 |
_aInternationa paper-cut fine works, _c2008. |
||
| 650 | _aChinese paper-cut fine works | ||
| 999 |
_c126397 _d126397 |
||